00378nam a2200145Ia 4500008004100000020001500041041001200056100001600068245006100084250000800145260003900153300000800192650001600200700001600216221030s9999 xx 000 0 und d a8177587654 aEnglish aD. D. Hearn 0aComputer Graphics C Versioncby D. D. Hearn, M. P. Baker a2nd bPearson EducationaNew Delhic2013 a660 aBE Computer aM. P. Baker